000 00297nam a2200121 a 4500
001 4140
005 20140414132003.0
008 090218s19uu xx 00 eng d
050 _aTR 745.5
_bF32 2006
100 _aFeely, Jenny
245 _aArt and craft :
_bhelping kids at home.
999 _c113116
_d113116